000 01008nam a2200217 i 4500
001 bg
245 0 0 _aTraktat w sprawie przystąpienia Królestwa Danii, Irlandii, Królestwa Norwegii oraz Zjednoczonego Królestwa Wielkiej Brytanii i Irlandii Północnej do Europejskiej Wspólnoty Gospodarczej i Europejskiej Wspólnoty Energii Atomowej :
_bTraktat zmieniający niektóre postanowienia Protokołu w sprawie Statutu Europejskiego Banku Inwestycyjnego [...] /
_cUrząd Komitetu Integracji Europejskiej.
260 _aWarszawa :
_bUKIE,
_c2004.
300 _a357, [1] s. ;
_c24 cm.
500 _aTł. z jęz. ang., niem., franc. Na grzb. nr kol. tomu: 2.
650 9 _aUmowy międzynarodowe
_zEuropa
650 9 _aPrawo wspólnotowe europejskie
_ystan na 2004 r.
710 0 _aUrząd Komitetu Integracji Europejskiej
020 _a8389972328
040 _cBPK
041 _apol
080 _a341.12(4-67)(094.4)
920 _a83-89972-32-8
942 _cKS
008 s pl f |000 0 pol
999 _c46080
_d46080
856 _uhttp://koha.tu.koszalin.pl/cgi-bin/koha/opac-detail.pl?biblionumber=46080
_yKatalog online BPK